Art objects and furnishings from the William Randholph Hearst collection (Record no. 5284)

MARC details
000 -CABECERA
campo de control de longitud fija 01079nam a2200265 a 4500
001 - NÚMERO DE CONTROL
campo de control BRCA_5590
005 - FECHA Y HORA DE LA ÚLTIMA TRANSACCIÓN
campo de control 20190320205137.0
008 - DATOS DE LONGITUD FIJA--INFORMACIÓN GENERAL
campo de control de longitud fija 210211s1941----nyua######---#000-0#eng-#
041 ## - CÓDIGO DE LENGUA
Código de lengua del texto/banda sonora o título independiente eng
044 ## - CÓDIGO DEL PAÍS DE LA ENTIDAD EDITORA/PRODUCTORA
Código MARC del país nyu
050 #4 - SIGNATURA TOPOGRÁFICA DE LA BIBLIOTECA DEL CONGRESO
Número de clasificación NK1125
Número de documento/Ítem .A78 1 1941
245 10 - MENCIÓN DE TÍTULO
Título Art objects and furnishings from the William Randholph Hearst collection
Resto del título catalogue raisonne comprising illustrations of representative works together with comprehensive descriptions of books, autographs and manuscripts and complete index
Mención de responsabilidad, etc. Hammer Galleries.
260 ## - PUBLICACIÓN, DISTRIBUCIÓN, ETC.
Lugar de publicación, distribución, etc. Nueva York
Nombre del editor, distribuidor, etc. W. Bradford
Fecha de publicación, distribución, etc. 1941
300 ## - DESCRIPCIÓN FÍSICA
Extensión 334 p.
Otras características físicas il., 173 láminas
Dimensiones 26 cm.
500 ## - NOTA GENERAL
Nota general Incluye índice onomástico e índice de pinturas por país
500 ## - NOTA GENERAL
Nota general Ejemplar igual a X19
500 ## - NOTA GENERAL
Nota general F67
600 14 - PUNTO DE ACCESO ADICIONAL DE MATERIA--NOMBRE DE PERSONA
Nombre de persona Hearts, William Randolph
Subdivisión de forma Catálogos
Subdivisión general Colecciones de arte
9 (RLIN) 14247
650 14 - PUNTO DE ACCESO ADICIONAL DE MATERIA--TÉRMINO DE MATERIA
Término de materia o nombre geográfico como elemento de entrada Arte
Subdivisión general Coleccionistas y colecciones
9 (RLIN) 7445
650 14 - PUNTO DE ACCESO ADICIONAL DE MATERIA--TÉRMINO DE MATERIA
Término de materia o nombre geográfico como elemento de entrada Coleccionistas y colecciones
9 (RLIN) 14248
650 14 - PUNTO DE ACCESO ADICIONAL DE MATERIA--TÉRMINO DE MATERIA
Término de materia o nombre geográfico como elemento de entrada Galerías y museos
Subdivisión geográfica Estados Unidos
9 (RLIN) 7437
650 14 - PUNTO DE ACCESO ADICIONAL DE MATERIA--TÉRMINO DE MATERIA
Término de materia o nombre geográfico como elemento de entrada Arte
Subdivisión general Colecciones particulares
9 (RLIN) 7906
902 ## - CATALOGADOR
Iniciales GFM
942 ## - ELEMENTOS DE PUNTO DE ACCESO ADICIONAL (KOHA)
Fuente del sistema de clasificación o colocación Library of Congress Classification
Tipo de ítem Koha Libros
Holdings
Estado de retiro Estado de pérdida Estado dañado No para préstamo Localización permanente Ubicación/localización actual Fecha de adquisición Número de inventario Total de préstamos Signatura topográfica completa Código de barras Fecha visto por última vez Precio válido a partir de Tipo de ítem Koha
El ejemplar forma parte de la colección y puede ser consultado según las políticas vigentes.       Biblioteca del Museo Franz Mayer (Rogerio Casas-Alatriste) Biblioteca del Museo Franz Mayer (Rogerio Casas-Alatriste) 14/02/2011 F67   NK1125 .A78 1 1941 (F67) 6026 22/03/2019 22/03/2019 Libros